[Event "AUTO-INT-3965"]
[Site "http://www.queenalice.com/game.php?id=1871594"]
[Date "2026.4.7"]
[Round "1"]
[White "Ditto"]
[Black "Yanni"]
[Result "0-1"]
[WhiteElo "1370"]
[BlackElo "1456"]

1. e4 e5 2. Bc4 c6 3. d3 Nf6 4. c3 b5 5. Bb3 c5 6. Nf3 Nc6 7. O-O Nh5 8. Be3 d6
9. Ng5 Kd7 10. Qxh5 Kc7 11. Nxf7 Qe7 12. Nxh8 g6 13. Qf3 Bg7 14. Nf7 Bf6 15. Nd2
a5 16. a3 a4 17. Ba2 b4 18. cxb4 c4 19. Bxc4 Be6 20. Nh6 Bd7 21. Bd5 Rf8 22. Nc4
Nb8 23. Bb6+ Kc8 24. Qe3 Bg5 25. Nxd6+ Qxd6 26. Bc5 Qf6 27. Qe1 Bxh6 28. Bxf8
Qxf8 29. Qc3+ Kd8 30. f3 Be3+ 31. Kh1 h5 32. Qxe5 Bf4 33. Qd4 h4 34. Qa7 h3 35.
g3 Bd6 36. Rac1 Ke7 37. Qe3 Kf6 0-1

[Event "AUTO-INT-3965"]
[Site "http://www.queenalice.com/game.php?id=1871607"]
[Date "2026.4.7"]
[Round "1"]
[White "Ditto"]
[Black "game"]
[Result "1-0"]
[WhiteElo "1314"]
[BlackElo "1697"]

1. d4 d5 2. Bf4 e6 3. e3 Nc6 4. c3 Nf6 5. Nf3 Bd6 6. Bg5 Be7 7. Bb5 O-O 8. O-O
Ng4 9. Bf4 a6 10. Ba4 b5 11. Bc2 a5 12. Qd3 b4 13. Qxh7# 1-0

[Event "AUTO-INT-3965"]
[Site "http://www.queenalice.com/game.php?id=1871608"]
[Date "2026.4.7"]
[Round "1"]
[White "game"]
[Black "Ditto"]
[Result "1-0"]
[WhiteElo "1562"]
[BlackElo "1388"]

1. e4 e5 2. Nf3 Nc6 3. d4 exd4 4. Ng5 Bc5 5. Bc4 Nh6 6. Qf3 Ne5 7. Qb3 Qf6 8.
O-O Nxc4 9. Qxc4 d6 10. Re1 Bd7 11. e5 dxe5 12. Qxc5 Bc6 13. Rxe5+ Kd7 14. Qxd4+
Kc8 15. Ne4 Bxe4 16. Qxe4 Rd8 17. Re8 Qd6 18. h4 f5 19. Qe2 Ng4 20. Kf1 b6 21.
Bg5 Nf6 22. Re7 Qh2 23. Qe6+ Kb8 24. Qxf5 Rd1+ 25. Ke2 Qd6 26. Rxg7 Nd7 27. Rg8+
Kb7 28. Qe4+ Rd5 29. Rxa8 Kxa8 30. Nc3 c6 31. Qe8+ Kb7 32. Nxd5 Qxd5 33. Rd1
Qe4+ 34. Qxe4 1-0

[Event "AUTO-INT-3965"]
[Site "http://www.queenalice.com/game.php?id=1871609"]
[Date "2026.4.7"]
[Round "1"]
[White "Ditto"]
[Black "Rocio"]
[Result "1-0"]
[WhiteElo "1344"]
[BlackElo "1393"]

1. e4 e5 2. Nf3 Nc6 3. Bc4 Bc5 4. d3 Nf6 5. h3 d6 6. c3 h6 7. O-O Ne7 8. b4 Bb6
9. Qb3 c5 10. Bxf7+ Kd7 11. Qe6+ Kc7 12. Qc4 Rf8 13. Bd5 Nh5 14. Na3 Nf6 15.
bxc5 dxc5 16. Nxe5 Be6 17. Bxe6 Kd6 18. Bf4 Nh5 19. Nf7+ Kc6 20. Qb5# 1-0

[Event "AUTO-INT-3965"]
[Site "http://www.queenalice.com/game.php?id=1871610"]
[Date "2026.4.7"]
[Round "1"]
[White "Rocio"]
[Black "Ditto"]
[Result "0-1"]
[WhiteElo "1371"]
[BlackElo "1388"]

1. e4 e5 2. Bc4 Nc6 3. Nc3 Bb4 4. Nd5 Bc5 5. d3 d6 6. Nf3 a6 7. Bg5 Nge7 8. a3
h6 9. Bd2 Bg4 10. h3 Be6 11. Nxe7 Qxe7 12. Bd5 Nd8 13. b4 Ba7 14. Rb1 Bxd5 15.
exd5 Qf6 16. O-O O-O 17. b5 axb5 18. Rxb5 Bb6 19. c4 Qg6 20. g3 Qf6 21. c5 Bxc5
22. d4 exd4 23. Re1 Rxa3 24. Bc1 Rxf3 25. Rb2 b6 26. Rf1 Rf5 27. Qd3 Rf3 28. Qe4
Ra3 29. Qg4 d3 30. Kg2 Qc3 31. Bxh6 Re8 32. Rbb1 Ra2 33. Rb3 Qd4 34. Kh2 Qxg4
35. hxg4 d2 36. Rd1 Bxf2 37. Rf3 Be1 38. Rxd2 Bxd2 39. Kh3 Bxh6 40. g5 Bxg5 41.
Kg4 f6 42. Kh5 Kf7 43. Kg4 Kf8 44. Kh5 Kf7 45. Kg4 Ra4+ 46. Kh3 Rh8+ 47. Kg2
Ra2+ 48. Kf1 Rh1# 0-1

[Event "AUTO-OPEN-4647"]
[Site "http://www.queenalice.com/game.php?id=1871658"]
[Date "2026.4.8"]
[Round "1"]
[White "SGF"]
[Black "Ditto"]
[Result "1-0"]
[WhiteElo "1744"]
[BlackElo "1384"]

1. e4 e5 2. Qf3 Nc6 3. c3 Bc5 4. Bc4 Nf6 5. d3 d6 6. Bg5 h6 7. Bxf6 gxf6 8. Qh5
Qe7 9. Nf3 a6 10. a4 Rg8 11. g3 Rg6 12. Nh4 Bg4 13. Nxg6 Bxh5 14. Nxe7 Nxe7 15.
h3 Bf3 16. Rg1 O-O-O 17. Bxf7 Nc6 18. Nd2 Rd7 19. Be6 Bh5 20. g4 Be8 21. h4 Kb8
22. Bxd7 Bxd7 23. Rg2 Ne7 24. b4 Ba7 25. g5 hxg5 26. hxg5 fxg5 27. Rxg5 Ka8 28.
Rg7 Nc8 29. Rxd7 Bb8 30. a5 Na7 31. O-O-O Nc6 32. Rh1 Ka7 33. Rh8 Ka8 34. Rxc7
Ka7 35. Rg7 Ka8 36. Nc4 Ka7 37. Rhh7 Nd8 38. Rd7 Nc6 39. Rxb7+ Ka8 40. Nb6# 1-0

[Event "AUTO-OPEN-4647"]
[Site "http://www.queenalice.com/game.php?id=1871659"]
[Date "2026.4.8"]
[Round "1"]
[White "Ditto"]
[Black "SGF"]
[Result "0-1"]
[WhiteElo "1382"]
[BlackElo "1684"]

1. e4 e5 2. Nf3 Qf6 3. Bc4 d6 4. d3 Be7 5. Bg5 Qg6 6. Bxe7 Nxe7 7. c3 c6 8. Nh4
Qg5 9. Nf3 Qh5 10. Nbd2 b5 11. Bb3 a5 12. Nf1 a4 13. Bc2 a3 14. b3 Qg4 15. Ng3
h5 16. Qe2 Ng6 17. Qe3 Nf4 18. O-O h4 19. h3 Qg6 20. Nxh4 Rxh4 21. Bd1 Bxh3 22.
Bf3 Be6 23. d4 Nd7 24. Rad1 Qh7 25. Rfe1 g5 26. d5 cxd5 27. exd5 Bf5 28. c4 g4
29. Be2 Nc5 30. cxb5 Ne4 31. b6 Nxg3 32. fxg3 Rh1+ 33. Kf2 Rxe1 34. Kxe1 Nxg2+
35. Kd2 Nxe3 36. Kxe3 Qh3 37. Kf2 Qh2+ 38. Ke3 Qxg3+ 39. Kd2 Qf4+ 40. Ke1 g3 41.
b7 Rb8 42. Ba6 Qf2# 0-1